Mémo-historique français - Statistiques

Statistiques générales
  • Ce quiz a été pris 8 fois
  • Le résultat moyen est 8 sur 44
Statistiques - réponses
Hint Extra Hint Explanation Réponse % Correct
XX (20e) Œuvre importante 1942 "L'Etranger" d'Albert Camus
83%
XVI (16e) Œuvre importante 1534 "Gargantua" de François Rabelais
67%
XX (20e) Invention technique ~1946 Invention de l'ordinateur par Alan Turing
67%
XX (20e) Auteur-e important-e 1871-1922 Marcel Proust
50%
XVI (16e) Évènement historique 1572 Massacre de la Saint-Barthélemy
50%
XIX (19e) Auteur-e important-e 1799-1850 Honoré de Balzac
33%
XVIII (18e) Invention technique 1769 Invention de la machine à vapeur améliorée par James Watt
33%
XIX (19e) Mouvement artistique (1) XIXème siècle Le Romantisme
33%
XIX (19e) Œuvre importante 1862 "Les Misérables" de Victor Hugo
33%
XV (15e) Mouvement artistique (1) XVème siècle L'humanisme
33%
XVI (16e) Auteur-e important-e 1533-1592 Michel de Montaigne
33%
XVIII (18e) Évènement historique 1789-1799 Révolution française
33%
XX (20e) Découverte scientifique 1905 Découverte de la relativité restreinte par Albert Einstein
17%
XVIII (18e) Découverte scientifique 1752 Découverte de l'électricité par Benjamin Franklin
17%
XIX (19e) Découverte scientifique 1859 Découverte de l'évolution par Charles Darwin
17%
XVI (16e) Découverte scientifique 1513 Découverte de l'héliocentrisme par Nicolas Copernic
17%
XVI (16e) Invention technique 1569 Invention de la carte du monde en projection plane par Gerardus Mercator
17%
XVII (17e) Invention technique 1608 Invention du télescope par Hans Lippershey (perfectionné par Galilée)
17%
XIX (19e) Invention technique 1885 Invention du vaccin par Louis Pasteur
17%
XV (15e) Évènement historique 1429 Jeanne d'Arc mène l'armée française à la victoire à Orléans
17%
XV (15e) Œuvre importante XVème siècle "La Farce de Maitre Pathelin"
17%
XVI (16e) Mouvement artistique (1) 1553 La pléiade
17%
XVII (17e) Œuvre importante 1678 "La Princesse de Clèves" de Mme de Lafayette
17%
XVIII (18e) Œuvre importante 1751 "L'encyclopédie" par Diderot et d'Alembert
17%
XVIII (18e) Mouvement artistique (2) XVIIIème siècle Les Libertins
17%
XVIII (18e) Mouvement artistique (1) XVIIIème siècle Les Lumières
17%
XX (20e) Mouvement artistique (1) XXème siècle Le Surréalisme
17%
XX (20e) Mouvement artistique (2) XXème siècle L'Existentialisme
17%
XVIII (18e) Auteur-e important-e 1694-1778 Voltaire
17%
XVII (17e) Découverte scientifique 1687 Découverte de la gravité par Isaac Newton
0%
XV (15e) Découverte scientifique 1492 Découverte des Amériques par Colomb
0%
XV (15e) Auteur-e important-e 1431-1463 François Villon
0%
XIX (19e) Évènement historique 1848-1852 IIème république
0%
XV (15e) Invention technique 1450 Invention de l'imprimerie par Johannes Gutenberg
0%
XVII (17e) Évènement historique 1648-1653 La Fronde
0%
XVI (16e) Mouvement artistique (2) XVIème siècle La Renaissance
0%
XX (20e) Évènement historique 1939-1945 La Seconde guerre mondiale
0%
XVII (17e) Mouvement artistique (2) XVIIème siècle Le Baroque
0%
XVII (17e) Mouvement artistique (1) XVIIème siècle Le Classicisme
0%
XV (15e) Mouvement artistique (2) XVème siècle Le gothique flamboyant
0%
XX (20e) Mouvement artistique (3) XXème siècle Le Nouveau Roman
0%
XIX (19e) Mouvement artistique (2) XIXème siècle Le Réalisme
0%
XIX (19e) Mouvement artistique (3) XIXème siècle Le Symbolisme et l'Impressionisme
0%
XVII (17e) Auteur-e important-e 1596-1650 René Descartes
0%
Aucun quiz correspondant
Distribution des résultats
% des personnes avec chaque résultat
Percentile par nombre de réponses
Votre historique - résultats
Vous n’avez pas pris ce quiz